000
00319nam a22001337a 4500
008
170302b xxu||||| |||| 00| 0 eng d
020
_a
0801606985
041
_a
eng
080
_a
2ND
100
_a
6
101
_a
SHM
245
_a
TEXTBOOK OF RADIOGRAPHIC POSITIONING AND RELATED ANATOMY
_c
BONTRAGER
942
_2
udc
_c
BK
999
_c
6569
_d
6569